Najmodernejší informačný systém v Európe

Prvá etapa komplexného vybavovania cestujúcich Železnicami SR, ktorá zabezpečuje rezervácie a predaj miesteniek, lôžok a ležadiel v rozsahu systému ARES, rozšírená o predaj vnútroštátnych cestovných lístkov.

Gespeichert in:
Bibliographische Detailangaben
1. Verfasser: Vančo, F.
Format: Buchkapitel
Sprache:Slowakisch
Schlagworte:
Tags: Tag hinzufügen
Keine Tags, Fügen Sie das erste Tag hinzu!

MARC

LEADER 00000naa a2200000 4500
001 r021871
005 20230801105317.7
041 0 |a slo 
044 |a SK 
245 1 0 |a Najmodernejší informačný systém v Európe  |c F. Vančo 
520 |a Prvá etapa komplexného vybavovania cestujúcich Železnicami SR, ktorá zabezpečuje rezervácie a predaj miesteniek, lôžok a ležadiel v rozsahu systému ARES, rozšírená o predaj vnútroštátnych cestovných lístkov. 
610 2 0 |a Európa 
610 2 0 |a Slovensko 
610 2 0 |a 1995 
610 2 0 |a 1996 
610 2 0 |a doprava železničná 
610 2 0 |a systémy informačné 
610 2 0 |a Železnice SR 
610 2 0 |a lístky cestovné 
100 1 |a Vančo, F.